| 000 | 00583nam a22002051 4500 | ||
|---|---|---|---|
| 001 | 105167 | ||
| 003 | ES-MaACL | ||
| 005 | 20230906183813.0 | ||
| 007 | t| | ||
| 008 | 060615s1964 sp ||||0| spa d | ||
| 016 | 7 | _zIND9200523420 | |
| 040 |
_aM-BN _bspa _cA2 |
||
| 080 | _a338:63(46) | ||
| 100 | 1 |
_aLópez Medel, Jesús. _973768 |
|
| 245 | 1 | 0 |
_aEstructuras agrarias / _cJesús López Medel. |
| 260 |
_aMadrid : _b[s.n.], _c1964 ( _fBolaños y Aguilar) |
||
| 300 |
_a128 p ; _c20 cm. |
||
| 651 | 4 |
_aEspaña- _xPolítica agraria. _98394 |
|
| 852 |
_aES-MaACL _jC-26321 _bR.54891 |
||
| 999 |
_c105167 _d105167 |
||